00313nam a2200121Ia 4500008004100000041001200041082001100053100001700064245005500081260004000136300000800176650000700184221030s9999 xx 000 0 und d aEnglish a105.23 aB. Y. Lipkin 0aElectrical Equipment for Industrycby B. Y. Lipkin bHigher School Pub. HouseaMoscowc0 a277 aEE